Catálogo
 En Linea

La isla de Haití / (Registro nro. 47554)

Detalles MARC
000 -CABECERA
campo de control de longitud fija 02295nam a2200313 a 4500
001 - NÚMERO DE CONTROL
campo de control 000048066
003 - IDENTIFICADOR DEL NÚMERO DE CONTROL
campo de control DO-SdBNP
005 - FECHA Y HORA DE LA ÚLTIMA TRANSACCIÓN
campo de control 20240305073651.0
007 - CAMPO FIJO DE DESCRIPCIÓN FÍSICA--INFORMACIÓN GENERAL
campo de control de longitud fija ta
008 - DATOS DE LONGITUD FIJA--INFORMACIÓN GENERAL
campo de control de longitud fija 181112s2016 dr ac 000 0 spa d
020 ## - NÚMERO INTERNACIONAL ESTÁNDAR DEL LIBRO
Número Internacional Estándar del Libro 9789945901641
040 ## - FUENTE DE LA CATALOGACIÓN
Centro catalogador/agencia de origen DO-SdBNP
Lengua de catalogación spa
Centro/agencia transcriptor BNPHU
082 #4 - NÚMERO DE LA CLASIFICACIÓN DECIMAL DEWEY
Número de clasificación 972.93
Número de documento/Ítem T595i
Número de edición 22
100 1# - ENTRADA PRINCIPAL--NOMBRE DE PERSONA
Nombre de persona Tippenhauer, Louis Gentil,
Fechas asociadas al nombre 1867-1929.
9 (RLIN) 75570
245 13 - MENCIÓN DE TÍTULO
Título La isla de Haití /
Mención de responsabilidad, etc. Louis Gentil Tippenhauer ; traducción María Isabel Romero Reche ; edición Jesús R. Navarro Zerpa
260 ## - PUBLICACIÓN, DISTRIBUCIÓN, ETC.
Lugar de publicación, distribución, etc. Santo Domingo :
Nombre del editor, distribuidor, etc. Academia Dominicana de la Historia,
Fecha de publicación, distribución, etc. 2016.
300 ## - DESCRIPCIÓN FÍSICA
Extensión 912 p. :
Otras características físicas il., fots., retrs. ;
Dimensiones 23 cm.
490 0# - MENCIÓN DE SERIE
Mención de serie Academia Dominicana de la Historia
Designación de volumen o secuencia 139
500 ## - NOTA GENERAL
Nota general Incluye datos biográficos del autor en la solapa de la contracubierta
504 ## - NOTA DE BIBLIOGRAFÍA, ETC.
Nota de bibliografía, etc. Bibliografía : p. 861-869
505 0# - NOTA DE CONTENIDO CON FORMATO
Nota de contenido con formato Quisquella --
Título Introducción --
-- Las condiciones orográficas de la isla --
-- Ordenación horizontal --
-- Ordenación vertical --
-- Hidrografía de las Antillas Mayores --
-- De qué se compone el suelo de la isla, cómo se originó y lo que alberga --
-- Consideraciones meteorológicas y físicas --
-- Organismo de la isla y su relación cambiante entre si --
-- Fauna y flora de la isla y su relación con la clase trabajadora --
-- La industria y el comercio --
-- Quisquella: morada de seres humanos --
-- Los habitantes de la isla desde el descubrimiento hasta la actualidad --
-- La población nativa --
-- La gente libre en la época actual --
-- De la lengua y la literatura del país --
-- Religión y credos de fe --Miscelánea --De la situación político-social del país y administración del pasado y presente --Festividades, pesos y medidas, escudos y bandera --Obras que hablan estrictamente sobre Haití
-- Miscelánea --
-- De la situación político-social del país y administración del pasado y presente --
-- Festividades, pesos y medidas, escudos y bandera --
-- Obras que hablan estrictamente sobre Haití.
590 ## - NOTA LOCAL (RLIN)
Nota local Inventariado, 2018/LP
651 #4 - PUNTO DE ACCESO ADICIONAL DE MATERIA--NOMBRE GEOGRÁFICO
Nombre geográfico Isla Española (Haití y República Dominicana)
9 (RLIN) 82684
Subdivisión general Historia
700 1# - PUNTO DE ACCESO ADICIONAL--NOMBRE DE PERSONA
Nombre de persona Romero Reche, María Isabel,
Término indicativo de función/relación tr.
9 (RLIN) 75571
700 1# - PUNTO DE ACCESO ADICIONAL--NOMBRE DE PERSONA
Nombre de persona Navarro Zerpa, Jesús R.,
Término indicativo de función/relación ed.
9 (RLIN) 73422
700 1# - PUNTO DE ACCESO ADICIONAL--NOMBRE DE PERSONA
Nombre de persona García Cartagena, Manuel
Término indicativo de función/relación corr.
9 (RLIN) 12067
910 ## - DATOS DE OPCIÓN DEL USUARIO (OCLC)
Datos de opción del usuario Validado. Control de calidad MFF
942 ## - ELEMENTOS DE PUNTO DE ACCESO ADICIONAL (KOHA)
Fuente del sistema de clasificación o colocación Dewey Decimal Classification
Tipo de ítem Koha Libro
Existencias
Estado de retiro Estado de pérdida Fuente del sistema de clasificación o colocación Restricciones de uso No para préstamo Código de colección Localización permanente Ubicación/localización actual Ubicación en estantería Fecha de adquisición Signatura topográfica completa Código de barras Fecha visto por última vez Número de copia Precio válido a partir de Tipo de ítem Koha
    Dewey Decimal Classification Préstamo en sala   Dominicana de Servicio Biblioteca Nacional Pedro Henríquez Ureña Biblioteca Nacional Pedro Henríquez Ureña Depósito 12.11.2018 BNPHU DS 972.93 T595i 48066-30 25.06.2020 e. 3 25.06.2020 Libro
    Dewey Decimal Classification Préstamo en sala   Dominicana de Servicio Biblioteca Nacional Pedro Henríquez Ureña Biblioteca Nacional Pedro Henríquez Ureña Depósito 12.11.2018 BNPHU DS 972.93 T595i 48066-40 25.06.2020 e. 4 25.06.2020 Libro
    Dewey Decimal Classification Préstamo en sala   Dominicana de Servicio Biblioteca Nacional Pedro Henríquez Ureña Biblioteca Nacional Pedro Henríquez Ureña Depósito 12.11.2018 BNPHU DS 972.93 T595i 48066-50 25.06.2020 e. 5 25.06.2020 Libro
    Dewey Decimal Classification Excluido de préstamo   Patrimonio Dominicano Biblioteca Nacional Pedro Henríquez Ureña Biblioteca Nacional Pedro Henríquez Ureña Depósito 12.11.2018 BNPHU PD 972.93 T595i 48066-10 25.06.2020   25.06.2020 Libro
    Dewey Decimal Classification Excluido de préstamo   Patrimonio Dominicano Biblioteca Nacional Pedro Henríquez Ureña Biblioteca Nacional Pedro Henríquez Ureña Depósito 12.11.2018 BNPHU PD 972.93 T595i 48066-20 25.06.2020 e. 2 25.06.2020 Libro

Con tecnología Koha